| 000 | 00536nam a2200169 a 4500 | ||
|---|---|---|---|
| 001 | 000041277 | ||
| 005 | 20201002034741.0 | ||
| 008 | 130927s2006 pr a 000 0 spa d | ||
| 020 | _a9781596085053 | ||
| 040 |
_aDO-SdBNP _bspa _cBNPHU |
||
| 082 |
_axxxx _bxxxx |
||
| 100 | 1 |
_aMontalvo, Ángel Juan _967888 |
|
| 245 | 1 | 3 |
_aEl eco de una voz / _cÁngel Juan Montalvo ; prólogo Ana C. Olán Vélez. |
| 260 |
_aYauco, Puerto Rico : _bVea voces, _c2006. |
||
| 300 |
_a113 p. : _bil. ; _c21 cm. |
||
| 700 | 1 |
_aOlán Vélez, Ana C. _epról. _967889 |
|
| 999 |
_c40767 _d40767 |
||